| 000 | 00648nam a22002057a 4500 | ||
|---|---|---|---|
| 999 |
_c9378 _d9378 |
||
| 003 | AR-CdUCM | ||
| 008 | 190327b ||||| |||| 00| 0 spa d | ||
| 040 |
_aMUNICIPALIDAD PROVINCIAL DEL CUSCO _cBIBLIOTECA MUNICIPAL DEL CUSCO |
||
| 082 |
_a514.24 / _bC77 |
||
| 100 |
_aCorazao, Eusebio _925534 |
||
| 245 | _aTeoremas de geometría / | ||
| 260 |
_aCusco : _bRozas sucesores, _c1932. |
||
| 300 |
_a33 páginas ; _c22 cm. |
||
| 505 | _aContenido : Un descubrimiento geométrico -- Nuevo teorema de geometría ... | ||
| 650 |
_aGeometría _918656 |
||
| 650 |
_aTeorema _925535 |
||
| 650 |
_aEjercicios _919599 |
||
| 942 |
_2ddc _cLIBROS |
||
| 945 | _arah | ||